| 000 | 00386cam a22001337a 4500 | ||
|---|---|---|---|
| 008 | 180718b1980 xxu||||| |||| 00| 0 eng d | ||
| 082 | _aB135x54 K897 | ||
| 100 | _aKrishnaswamy, S.Y. | ||
| 245 |
_aRuralism: a new socio-economic philosophy _cby S.Y. Krishnaswamy |
||
| 260 |
_aBangalore _bIBH _c1980 |
||
| 300 | _a131p. | ||
| 650 | _aVillages - India | ||
| 650 | _aSociology, Rural - India | ||
| 999 |
_c348783 _d348783 |
||